Welcome to the Holygrace Academy Library

Please use search bar below to get started

PROVERBS FOR EVERYDAY LIFE (Record no. 3711)

MARC details
000 -LEADER
fixed length control field 00298nam a22001337a 4500
020 ## - INTERNATIONAL STANDARD BOOK NUMBER
ISBN 81-304-0531-8
082 ## - DEWEY DECIMAL CLASSIFICATION NUMBER
Classification number 425
Item number VER/P
100 ## - MAIN ENTRY--AUTHOR NAME
Personal name VERMA,GAUTAM
245 ## - TITLE STATEMENT
Title PROVERBS FOR EVERYDAY LIFE
260 ## - PUBLICATION, DISTRIBUTION, ETC. (IMPRINT)
Place of publication DELHI
Name of publisher TINY TOT PUBLICATIONS
300 ## - PHYSICAL DESCRIPTION
Number of Pages 160
650 ## - SUBJECT ADDED ENTRY--TOPICAL TERM
Topical Term PROVERBS
Geographic subdivision DELHI
942 ## - ADDED ENTRY ELEMENTS (KOHA)
Koha item type Books
Holdings
Withdrawn status Lost status Collection code Home library Current library Shelving location Date acquired Source of acquisition Cost, normal purchase price Full call number Accession Number Koha item type
    Reference Main Library Main Library SHELF-16C -ENGLISH GRAMMAR SYNONYMS7ANTONYMS,LETTERS, ETC 11/10/2012 PURCHASE 40.00 425 VER/P 03416 Books